| 000 -LEADER |
| fixed length control field |
00751cam a22001938i 4500 |
| 020 ## - INTERNATIONAL STANDARD BOOK NUMBER |
| ISBN |
9781603587259 |
| 020 ## - INTERNATIONAL STANDARD BOOK NUMBER |
| ISBN |
160358725X |
| 040 ## - CATALOGING SOURCE |
| Transcribing agency |
AGL |
| 082 00 - DEWEY DECIMAL CLASSIFICATION NUMBER |
| Classification number |
338 CAR 2005 A069 Or. |
| 100 1# - MAIN ENTRY--AUTHOR NAME |
| Personal name |
Logsdon, Gene |
| 245 10 - TITLE STATEMENT |
| Title |
Letter to a young farmer : |
| Remainder of title |
how to live richly without wealth on the new garden farm / |
| 246 30 - VARYING FORM OF TITLE |
| Title proper/short title |
How to live richly without wealth on the new garden farm |
| 300 ## - PHYSICAL DESCRIPTION |
| Number of Pages |
xiv, 210 pages ; |
| Dimensions |
23 cm |
| 520 ## - SUMMARY, ETC. |
| Summary, etc |
In his final book of essays - completed just weeks before he died - self-described "contrary farmer" Gene Logsdon addresses the next generation of small-scale "garden farmers" seeking a better way of life.--COVER. |
| 650 #0 - SUBJECT ADDED ENTRY--TOPICAL TERM |
| Topical Term |
Agriculture |
| 650 #0 - SUBJECT ADDED ENTRY--TOPICAL TERM |
| Topical Term |
Farm life |
| 700 1# - ADDED ENTRY--PERSONAL NAME |
| Personal name |
Berry, Wendell, |
| 942 ## - ADDED ENTRY ELEMENTS (KOHA) |
| Koha item type |
សៀវភៅភាសាអង់គ្លេស |
| 952 ## - LOCATION AND ITEM INFORMATION (KOHA) |
| Withdrawn status [LOCAL, KOHA] |
0 |